The mechanics of enlightenment : (Record no. 124492)

MARC details
000 -LEADER
fixed length control field 00761nam a22002297a 4500
005 - DATE AND TIME OF LATEST TRANSACTION
control field 20170124105940.0
010 ## - LIBRARY OF CONGRESS CONTROL NUMBER
LC control number 788906
020 ## - INTERNATIONAL STANDARD BOOK NUMBER
Terms of availability 00.00
International Standard Book Number 0575020024
035 ## - SYSTEM CONTROL NUMBER
System control number 788906
037 ## - SOURCE OF ACQUISITION
Source of stock number/acquisition Cen Lib/Ret
040 ## - CATALOGING SOURCE
Original cataloging agency DPL
Language of cataloging EN
082 ## - DEWEY DECIMAL CLASSIFICATION NUMBER
Classification number 230.42
Item number CAM
100 ## - MAIN ENTRY--PERSONAL NAME
Personal name Campbell, Anthony
9 (RLIN) 10950
245 ## - TITLE STATEMENT
Title The mechanics of enlightenment :
Statement of responsibility, etc by Anthony Campbell
Remainder of title an examination of the teaching of Maharishi Mahesh Yogi /
260 ## - PUBLICATION, DISTRIBUTION, ETC. (IMPRINT)
Place of publication, distribution, etc London
Name of publisher, distributor, etc Victor Gollancz Ltd.
Date of publication, distribution, etc 1975
270 ## - ADDRESS
City London
300 ## - PHYSICAL DESCRIPTION
Extent 223p. :
Dimensions 20cm(Hb)
500 ## - GENERAL NOTE
General note Includes bibliographical references and index.
650 ## - SUBJECT ADDED ENTRY--TOPICAL TERM
Topical term or geographic name as entry element Mahesh Yogi -- Maharishi.
9 (RLIN) 10951
650 ## - SUBJECT ADDED ENTRY--TOPICAL TERM
Topical term or geographic name as entry element Transcendental Meditation.
9 (RLIN) 10952
942 ## - ADDED ENTRY ELEMENTS (KOHA)
Source of classification or shelving scheme Dewey Decimal Classification
Koha item type English Books
Classification part 230.42
Call number suffix CAM
Holdings
Withdrawn status Lost status Damaged status Not for loan Home library Current library Date acquired Source of acquisition Cost, normal purchase price Total Checkouts Full call number Barcode Date last seen Copy number Cost, replacement price Price effective from Koha item type
        Central Library Central Library 16/06/2015 Cen Lib/Ret 0.00   230.42 CAM 788906 16/06/2015 1 0.00 16/06/2015 English Books

© Delhi Public Library
Hit Counter
free hit counter